| 000 -LEADER |
| fixed length control field |
00761cam a22002412 4500 |
| 001 - CONTROL NUMBER |
| control field |
424425 |
| 003 - CONTROL NUMBER IDENTIFIER |
| control field |
OSt |
| 005 - DATE AND TIME OF LATEST TRANSACTION |
| control field |
20191227152306.0 |
| 008 - FIXED-LENGTH DATA ELEMENTS--GENERAL INFORMATION |
| fixed length control field |
061227s2006 enk e 00011 eng d |
| 020 ## - INTERNATIONAL STANDARD BOOK NUMBER |
| International Standard Book Number |
9780141343389 |
| 040 ## - CATALOGING SOURCE |
| Original cataloging agency |
DLC |
| Transcribing agency |
DLC |
| Modifying agency |
TAE |
| 042 ## - AUTHENTICATION CODE |
| Authentication code |
lcac |
| 082 ## - DEWEY DECIMAL CLASSIFICATION NUMBER |
| Classification number |
FIC HIG |
| 100 1# - MAIN ENTRY--PERSONAL NAME |
| Personal name |
Higson, Charles, |
| Dates associated with a name |
1958- |
| Relator term |
author |
| 245 10 - TITLE STATEMENT |
| Title |
Blood fever / |
| Statement of responsibility, etc. |
Charlie Higson. |
| 260 ## - PUBLICATION, DISTRIBUTION, ETC. |
| Place of publication, distribution, etc. |
London : |
| Name of publisher, distributor, etc. |
Puffin, |
| Date of publication, distribution, etc. |
2012 |
| 300 ## - PHYSICAL DESCRIPTION |
| Extent |
371 p. ; |
| Dimensions |
20 cm. |
| 440 #0 - SERIES STATEMENT/ADDED ENTRY--TITLE |
| Title |
Young Bond ; |
| Number of part/section of a work |
bk 2. |
| 520 ## - SUMMARY, ETC. |
| Summary, etc. |
During a summer holiday in Italy, the teen-age James Bond tangles with an underground empire of criminals as he attempts the rescue of a kidnapped young girl. |
| 650 #1 - SUBJECT ADDED ENTRY--TOPICAL TERM |
| Topical term or geographic name entry element |
Adventure and adventurers |
| Form subdivision |
Fiction. |
| 651 #1 - SUBJECT ADDED ENTRY--GEOGRAPHIC NAME |
| Geographic name |
Italy |
| Form subdivision |
Fiction. |
| 942 ## - ADDED ENTRY ELEMENTS (KOHA) |
| Source of classification or shelving scheme |
|
| Koha item type |
Books - Fiction |